[Event "Lima Surco op 4th"]
[Site "Lima"]
[Date "2017.10.28"]
[Round "5"]
[White "Flores Tomasto, Luis"]
[Black "Orosco, Albert"]
[Result "1-0"]
[WhiteElo "2111"]
[BlackElo "1630"]
[PlyCount "55"]
[EventDate "2017.10.15"]
[EventType "swiss"]
[EventRounds "7"]
[EventCountry "PER"]
[SourceTitle "EXT 2019"]
[Source "ChessBase"]
[SourceDate "2018.10.10"]
[SourceVersion "1"]
[SourceVersionDate "2018.10.10"]
[SourceQuality "1"]

1. e4 c5 2. Nf3 g6 3. d4 cxd4 4. Nxd4 Bg7 5. c4 Nc6 6. Be3 Nf6 7. Nc3 d6 8. Be2 0-0 9. 0-0 h5 10. h3 Bd7 11. Qd2 Qc8 12. f4 Nxd4 13. Bxd4 e5 14. Be3 Bc6 15. Bd3 Re8 16. f5 b5 17. Bh6 b4 18. fxg6 fxg6 19. Qg5 Ng4 20. Bxg7 Kxg7 21. hxg4 Qxg4 22. Qxg4 hxg4 23. Nd5 Bxd5 24. cxd5 Kh6 25. Kf2 Kg5 26. Kg3 Rf8 27. Rxf8 Rxf8 28. Rc1 1-0

[Event "Lima Surco op 4th"]
[Site "Lima"]
[Date "2017.10.21"]
[Round "3"]
[White "Strohmeier, Luis"]
[Black "Orosco, Albert"]
[Result "0-1"]
[WhiteElo "1587"]
[BlackElo "1630"]
[PlyCount "111"]
[EventDate "2017.10.15"]
[EventType "swiss"]
[EventRounds "7"]
[EventCountry "PER"]
[SourceTitle "EXT 2019"]
[Source "ChessBase"]
[SourceDate "2018.10.10"]
[SourceVersion "1"]
[SourceVersionDate "2018.10.10"]
[SourceQuality "1"]

1. e4 c5 2. Nf3 g6 3. d4 cxd4 4. Qxd4 Nf6 5. Nc3 Nc6 6. Qa4 d6 7. Bd3 Nd7 8. Be3 Bg7 9. 0-0 0-0 10. Rab1 Nb6 11. Bxb6 Qxb6 12. Nd5 Qd8 13. c3 Bd7 14. Qc2 e6 15. Nf4 Rc8 16. a3 Bh6 17. Ne2 Qb6 18. Rfd1 Ne5 19. Nxe5 dxe5 20. Ng3 Rc7 21. Qe2 Ba4 22. Bc2 Bb5 23. Qg4 Bg7 24. h4 f5 25. exf5 exf5 26. Qb4 Kh8 27. a4 Bc6 28. Qxb6 axb6 29. Rd6 b5 30. axb5 Bxb5 31. Rbd1 Bf6 32. h5 Kg7 33. hxg6 hxg6 34. Bd3 Ba4 35. Ra1 Bc6 36. Bc2 Rd8 37. Rxd8 Bxd8 38. Ra8 Rd7 39. Bb3 Kf6 40. Bc4 f4 41. Ne2 Rd1+ 42. Kh2 Bb6 43. f3 Rd7 44. Rh8 Be3 45. Rh4 b5 46. Bg8 Rd2 47. Ng1 Kg7 48. Be6 Bf2 49. Rg4 Kf6 50. Bc8 Rd8 51. Ba6 Ra8 52. Ne2 Rxa6 53. Nxf4 exf4 54. Rxf4+ Kg7 55. g4 Bc5 56. Re4 0-1

[Event "Lima Santisimo Nombre de Jesus 3"]
[Site "Lima"]
[Date "2013.07.07"]
[Round "8"]
[White "Orosco, Albert"]
[Black "Cruz Pereyra, Andresantoni"]
[Result "1/2-1/2"]
[WhiteElo "1550"]
[BlackElo "1983"]
[PlyCount "33"]
[EventDate "2013.06.28"]
[EventType "swiss"]
[EventRounds "8"]
[EventCountry "PER"]
[SourceTitle "EXT 2024"]
[Source "ChessBase"]
[SourceDate "2023.10.10"]
[SourceVersion "1"]
[SourceVersionDate "2023.10.10"]
[SourceQuality "1"]

1. e4 Nc6 2. d4 d5 3. e5 f6 4. f4 Bf5 5. Nf3 e6 6. Bd3 Be4 7. Be3 Nge7 8. c3 Nf5 9. Bf2 h5 10. Qe2 Bxd3 11. Qxd3 Na5 12. Nbd2 Qd7 13. b4 Nc6 14. a4 a6 15. 0-0 Be7 16. Nb3 b6 17. g3 1/2-1/2

[Event "Lima Santisimo Nombre de Jesus 3"]
[Site "Lima"]
[Date "2013.07.06"]
[Round "5"]
[White "Perez, Christopher"]
[Black "Orosco, Albert"]
[Result "1-0"]
[WhiteElo "1821"]
[BlackElo "1533"]
[PlyCount "91"]
[EventDate "2013.06.28"]
[EventType "swiss"]
[EventRounds "8"]
[EventCountry "PER"]
[SourceTitle "EXT 2024"]
[Source "ChessBase"]
[SourceDate "2023.10.10"]
[SourceVersion "1"]
[SourceVersionDate "2023.10.10"]
[SourceQuality "1"]

1. e4 c5 2. c3 e5 3. Nf3 Nc6 4. d4 cxd4 5. cxd4 exd4 6. Nxd4 Bc5 7. Nb3 Bb4+ 8. Nc3 Qe7 9. Be2 Qe5 10. 0-0 Bxc3 11. bxc3 Nge7 12. Qd3 0-0 13. Ba3 d5 14. exd5 Qxd5 15. Qxd5 Nxd5 16. Bxf8 Nxc3 17. Bf3 Kxf8 18. Rfc1 Na4 19. Bxc6 bxc6 20. Rxc6 Be6 21. Nc5 Nxc5 22. Rxc5 a6 23. a4 Rb8 24. Rc6 Ra8 25. Rb1 Bd7 26. Rc7 Bxa4 27. Rbb7 Be8 28. Ra7 Rd8 29. f3 Rd6 30. Kf2 Re6 31. Ra8 h5 32. Rca7 g6 33. Rxa6 Rxa6 34. Rxa6 Bd7 35. h4 Kg7 36. g3 Be6 37. Ke3 Bb3 38. Kd4 Bd1 39. f4 Bg4 40. Ke5 Bc8 41. Rb6 Bf5 42. Rd6 Bg4 43. Kd4 Be6 44. Kc5 Kf6 45. Rd3 Kf5 46. Re3 1-0